KOHA-Header-6

Democracy the only way for Pakistan (Record no. 12077)

000 -LEADER
fixed length control field 00309nam a22001217a 4500
082 ## - DEWEY DECIMAL CLASSIFICATION NUMBER
Classification number 823.91
100 ## - MAIN ENTRY--AUTHOR NAME
Personal name SZABIST Karachi
245 ## - TITLE STATEMENT
Title Democracy the only way for Pakistan
Remainder of title Interviews of Benazir Bhutto
260 ## - PUBLICATION, DISTRIBUTION, ETC. (IMPRINT)
Place of publication Karachi
Name of publisher SZABIST Karachi
Year of publication 2008
300 ## - PHYSICAL DESCRIPTION
Number of Pages 177
650 ## - SUBJECT ADDED ENTRY--TOPICAL TERM
Topical Term Biography
942 ## - ADDED ENTRY ELEMENTS (KOHA)
Koha item type Books
Holdings
Withdrawn status Lost status Collection code Permanent Location Current Location Shelving location Full call number Accession Number Koha item type
    English Literature MAJU MAJU Shelf No.A13 823.91 9359 English Literature

Powered by Koha